|
|
|
|
| LEADER |
00000nam a2200000 a 4500 |
| 001 |
vtls008162886 |
| 003 |
SK-MaSNL |
| 005 |
20260302074032.0 |
| 008 |
050627s2002 lu ol f 000 0 fre |
| 020 |
|
|
|a 9282862666 (brož.)
|
| 040 |
|
|
|a SNK
|b slo
|c SNK
|e AACR2
|
| 041 |
0 |
|
|a fre
|
| 044 |
|
|
|a lu
|c LU
|
| 072 |
|
7 |
|a 930
|x Historická veda. Pomocné vedy historické. Archívnictvo
|2 konspekt
|
| 080 |
|
|
|a 930.85
|2 2001
|
| 080 |
|
|
|a 004
|2 2001
|
| 080 |
|
|
|a (048.8)
|2 2001
|
| 245 |
1 |
0 |
|a Paysages technologiques pour l'économie culturelle de demain : faire connaître la valeur de l'héritage culturel : résumé de la direction
|c [auteurs: Guntram Geser, Andrea Mulrenin ... [et al.]]
|
| 260 |
|
|
|a Luxembourg
|b Commission européenne
|c 2002
|
| 300 |
|
|
|a 68 s.
|b fotogr., grafy
|c 30 cm
|
| 490 |
1 |
|
|a Le rapport DigiCULT
|
| 650 |
0 |
7 |
|a kultúrne dedičstvo
|2 SNKPH
|9 4195
|
| 650 |
0 |
7 |
|a digitalizácia
|2 SNKPH
|9 19296
|
| 650 |
0 |
7 |
|a informačné technológie
|2 SNKPH
|9 1527
|
| 655 |
|
7 |
|a štúdie
|2 SNKPH
|9 57033
|
| 700 |
1 |
|
|a Geser, Guntram
|4 aut
|9 498657
|
| 700 |
1 |
|
|a Mulrenin, Andrea
|4 aut
|9 739170
|
| 830 |
|
0 |
|a Le rapport DigiCULT
|9 739171
|
| 919 |
|
|
|a 92-828-6266-6
|
| 999 |
|
|
|c 1163364
|d 1165294
|
| 952 |
|
|
|a SNK
|b SNK
|y VYP
|7 0
|p 17A0476486
|o snkIB 70920
|i snk2005/11167
|8 1
|0 0
|1 0
|4 0
|d 2005-06-27
|l 0
|r 2026-02-24 20:40:14
|w 2026-02-24
|